000 00333nam a2200121Ia 4500
008 220217s9999||||xx |||||||||||||| ||und||
082 _a624 AWO
100 _aAwad, Elias, M
_92661
245 0 _aSystems analysis and design
260 _aGalgotia publications
_bNew Delhi
_c1998
300 _b200
650 _aPROGRAMMING LANGUAGE
999 _c169546
_d169546